000 00391pab a2200169 454500
008 180718b2014 xxu||||| |||| 00| 0 eng d
100 _aSoni, Vikram
245 _aNatural cities
260 _c2014
300 _ap.36-40.
362 _a10 May
650 _aUrban development
700 _aVirmani, Arvind
773 _aEconomic and Political Weekly
908 _aN
909 _a105582
999 _c105577
_d105577